000 00723nam a2200217 a 4500
001 12835
003 BD-JhCC
005 20230517131200.0
008 230517s20222011b |||| |||| 000 0 be d
020 _a9789848765562
035 _a(BD-JhCC)12835
040 _aBD-JhCC
_dBD-JhCC
041 _aben
082 _a398.03
_bROH 2022
100 _aরহমান, মীজানুর
245 _aঢাকা পুরাণ /
_cমীজানুর রহমান
260 _aঢাকা :
_bপ্রথমা প্রকাশন,
_c২০২২
300 _a২১৬ পৃ. :
_bচিত্রাবলী সংযোজীত,
_c২১ সেমি.
650 _aFolklore
_zBangladesh
942 _2ddc
_cBK
999 _c12835
_d12835